| 000 | 01461nam a22004097a 4500 | ||
|---|---|---|---|
| 003 | AUA.1 | ||
| 005 | 20260226143956.0 | ||
| 008 | 190624b ||||| |||| 00| 0 eng d | ||
| 020 | _a9780828028493 | ||
| 040 | _cJTL | ||
| 050 |
_aBV4438 _b.O45 2018 |
||
| 100 | _aOliver, Willie | ||
| 245 |
_aStrengthening disciples : _breaching families for Jesus / _cWillie and Elaine Oliver (eds). |
||
| 250 | _aCentennial edition | ||
| 260 |
_aSilver Springs, USA : _bReview and Herald Publishing; _cc2018. |
||
| 300 |
_a139 p. : _c26 cm |
||
| 650 |
_aChurch work with families _vSeventh-Day Adventist church |
||
| 700 |
_aOliver, Willie _eEditor |
||
| 700 |
_aOliver, Elaine _eEditor |
||
| 700 |
_aBrown, Jeffrey _eContributor |
||
| 700 |
_aChureson, Orathai _eContributor |
||
| 700 |
_aConsuegra, Claudio _eContributor |
||
| 700 |
_aConsuegra, Pamela _eContributor |
||
| 700 |
_aEvans, Larry _eContributor |
||
| 700 |
_aFawzy, Amal _eContributor |
||
| 700 |
_aFischer, Trafford _eContributor |
||
| 700 |
_aFlowers, Karen _eContributor |
||
| 700 |
_aFlowers, Ron _eContributor |
||
| 700 |
_aHolford, Karen _eContributor |
||
| 700 |
_aLiberanskaya, Askeniya _eContributor |
||
| 700 |
_aMihakec, Gabor _eContributor |
||
| 700 |
_aSedlacek, David _eContributor |
||
| 700 |
_aSedlacek, Beverly _eContributor |
||
| 700 |
_aYoungberg, John _eContributor |
||
| 700 |
_aYoungberg, Millie _eContributor |
||
| 942 |
_2lcc _cBOOK _hBV 4438 _i.O45 2018 |
||
| 999 |
_c22452 _d22452 |
||